00881nam a2200241 a 4500001001000000003000500010005001700015008004100032010001100073011001100084040000900095100002600104245015300130260004100283500006000324502008600384650001500470650001300485650002100498650002600519650002400545856007000569000109327CHAP20220329144046.0140421s2013 mx sm |||||||spa d a105789 a106761 cCHAP1 aSolis Serrato, Amanda10aActividad de la polifenol oxidasa en líneas endogámicas recombinantes de frijol (Phaseolus vulgaris L.)h[En línea]cpor Amanda Solis Serrato. aChapingo, Méx. :bEl autor,c2013. aPara ver el contenido del material haga clic en la liga aTesis (Ing. Agroindustrial ) -- UACH. Departamento de Ingeniería Agroindustrial14aEndogamia.14aEnzimas.14aFrijolxCalidad.14aFrijolxMejoramiento.14aFrijolxVariedades. aFinding aiduhttp://10.13.5.2/tesis/sist109327.pdfzTeclea aquí